| 000 | 00730nam a2200253 a 4500 | ||
|---|---|---|---|
| 008 | |||
| 020 | _a9781848870956 (pbk. ) | ||
| 049 | _aMAIN | ||
| 090 | _aHC79.E5GOL | ||
| 100 | 1 | _aGoldsmith, Zac. | |
| 245 | 4 |
_aThe Constant Economy : _bhow to create a stable society / _cZac Goldsmith. |
|
| 260 |
_aLondon : _bAtlantic, _c2009. |
||
| 300 |
_a200 p. ; _c21cm. |
||
| 500 | _aincludes index | ||
| 540 | _aincludes bibliographical references. | ||
| 650 | _aEconomy. | ||
| 650 | 1 | _aEnvironmental Economy. | |
| 650 | _aSustainable development. | ||
| 907 |
_a.b1033581x _b16-04-14 _c17-10-13 |
||
| 003 | |||
| 005 | 20230123122031.0 | ||
| 040 | _cNUST | ||
| 942 |
_cBOOKS _kHC79.E5GOL |
||
| 999 |
_c126655 _d126655 |
||